000 00678nam a2200205Ii 4500
003 JO-AjNU
008 230605s9999||||xx |||||||||||||| ||und||
017 _a1974/2839
040 _aJO-AjNU
_bara
_erda
_cJO-AjNU
041 _aara
050 1 4 _aHB881.H5.1974
100 3 _aهلمان،هال؛ترجمة محمد بدرالدين خليل,
_eauthor
_97013
245 0 0 _aمشكلة تضخم السكان اخطر مشكلة تهدد عالم اليوم
264 3 1 _aالقاهرة:دار المعارف،1974
300 _a179ص
336 _atext
_btxt
_2rdacontent
337 _aunmediated
_bn
_2rdamedia
338 _avolume
_bnc
_2rdacarrier
650 4 _aالسكان
_97014
999 _aA64
_c3632
_d3632